Environmental law in property transactions. (Record no. 100489)

MARC details
000 -LEADER
fixed length control field 00719cam a2200253 4500
008 - FIXED-LENGTH DATA ELEMENTS--GENERAL INFORMATION
fixed length control field 000000n2001 000 0 eng u
020 ## - INTERNATIONAL STANDARD BOOK NUMBER
International Standard Book Number 0406923647
035 ## - SYSTEM CONTROL NUMBER
System control number (Sirsi) u105876
050 ## - LIBRARY OF CONGRESS CALL NUMBER
Classification number 614.7026
100 ## - MAIN ENTRY--PERSONAL NAME
Personal name Waite, Andrew
100 ## - MAIN ENTRY--PERSONAL NAME
Personal name Jewell, Tim
245 ## - TITLE STATEMENT
Title Environmental law in property transactions.
250 ## - EDITION STATEMENT
Edition statement 2nd ed.
260 ## - PUBLICATION, DISTRIBUTION, ETC.
Place of publication, distribution, etc. London
Name of publisher, distributor, etc. Butterworths
Date of publication, distribution, etc. 2001
300 ## - PHYSICAL DESCRIPTION
Extent xlvii, 467p. ; 24cm.
350 ## - PRICE (NR) (BK AM CF MU VM SE) [OBSOLETE]
Price 60.00
490 ## - SERIES STATEMENT
Series statement Butterworths Environmental Law
520 ## - SUMMARY, ETC.
Summary, etc. Superseded by 3rd edition (ISBN 9781845921064).
650 ## - SUBJECT ADDED ENTRY--TOPICAL TERM
Topical term or geographic name entry element CONVEYANCING
650 ## - SUBJECT ADDED ENTRY--TOPICAL TERM
Topical term or geographic name entry element ENVIRONMENTAL LAW
650 ## - SUBJECT ADDED ENTRY--TOPICAL TERM
Topical term or geographic name entry element PROPERTY TRANSACTIONS
690 ## - LOCAL SUBJECT ADDED ENTRY--TOPICAL TERM (OCLC, RLIN)
Topical term or geographic name as entry element ENVIRONMENTAL AND LAND CONSULTANCY
942 ## - ADDED ENTRY ELEMENTS (KOHA)
Suppress in OPAC 0
Holdings
Withdrawn status Lost status Source of classification or shelving scheme Damaged status Not for loan Home library Current library Shelving location Date acquired Cost, normal purchase price Total Checkouts Full call number Barcode Date last seen Date last checked out Copy number Cost, replacement price Price effective from Koha item type
    Dewey Decimal Classification     London London Basement 09/05/2001 60.00 1 614.7026 WAI 30064370 06/08/2019 13/05/2005 1 60.00 06/08/2019 Book
    Dewey Decimal Classification     London London Basement 10/05/2001 60.00 7 614.7026 WAI 30064268 06/08/2019 08/06/2007 2 60.00 06/08/2019 Book